Mathematical programming in use
Gespeichert in:
| 1. Verfasser: | |
|---|---|
| Format: | Buch |
| Sprache: | Englisch |
| Veröffentlicht: |
Amsterdam
North-Holland
1978
|
| Schriftenreihe: | Mathematical programming study
9 |
| Tags: |
Keine Tags, Fügen Sie das erste Tag hinzu!
|
MARC
| LEADER | 00000nam a2200000 4500 | ||
|---|---|---|---|
| 001 | c140395 | ||
| 005 | 20090311112846.4 | ||
| 041 | 0 | |a eng | |
| 044 | |a NL | ||
| 245 | 1 | 0 | |a Mathematical programming in use |c Ed. by M.L. Balinski |
| 264 | 1 | |a Amsterdam |b North-Holland |c 1978 | |
| 300 | |a 195 s. | ||
| 490 | 1 | |a Mathematical programming study |v 9 | |
| 830 | 0 | |a Mathematical programming study |v 9 | |
| 100 | 1 | |a Balinski, M.L. | |